| 000 | 00450nam a22001817a 4500 | ||
|---|---|---|---|
| 005 | 20240603120048.0 | ||
| 008 | 240603b |||||||| |||| 00| 0 eng d | ||
| 020 |
_a9781470425791 _cRs. 1670.00 |
||
| 040 | _aMAIN | ||
| 082 |
_a515 _bT215F |
||
| 100 | _aTaylor, Joseph L | ||
| 245 | _aFoundations of analysis | ||
| 260 |
_aHyderabad _bUniversities Press _c2024 |
||
| 300 | _ax, 398 | ||
| 650 | _aMathematics | ||
| 650 | _aAnalysis | ||
| 942 | _cBK | ||
| 999 |
_c314569 _d314569 |
||